Fluid mechanics for chemical engineers / (Record no. 58869)

MARC details
000 -LEADER
fixed length control field 00998nam a22002897a 4500
005 - DATE AND TIME OF LATEST TRANSACTION
control field 20130709165741.0
010 ## - LCCN (DPL NO)
LC control number ENG-104266
020 ## - INTERNATIONAL STANDARD BOOK NUMBER
International Standard Book Number 9781259002380
Terms of availability 525.00
020 ## - INTERNATIONAL STANDARD BOOK NUMBER
International Standard Book Number 1259002381
Terms of availability 525.00
035 ## - SYSTEM CONTROL NUMBER
System control number EN-87799
035 ## - SYSTEM CONTROL NUMBER
System control number B-491873-878
037 ## - SOURCE OF ACQUISITION
Source of stock number/acquisition DBAD/PUB
037 ## - SOURCE OF ACQUISITION
Source of stock number/acquisition Janvani Prakashan/Ven
Stock number dpl
082 ## - DEWEY DECIMAL CLASSIFICATION NUMBER
Classification number 532.02466
100 ## - MAIN ENTRY--PERSONAL NAME
Personal name De Nevers, Noel
Dates associated with a name 1932-
245 ## - TITLE STATEMENT
Title Fluid mechanics for chemical engineers /
Statement of responsibility, etc by Noel de Nevers
250 ## - EDITION STATEMENT
Edition statement 3rd ed
260 ## - PUBLICATION, DISTRIBUTION, ETC. (IMPRINT)
Place of publication, distribution, etc New Delhi
Name of publisher, distributor, etc Tata McGraw Hill
Date of publication, distribution, etc 2011
270 ## - ADDRESS
Address 7 West Patel Nagar
City New Delhi
Postal code 110008
300 ## - PHYSICAL DESCRIPTION
Extent xxiii,632p. :
Dimensions 24cm (pbk)
Other physical details ill.
490 ## - SERIES STATEMENT
Series statement Mc Graw- Hill chemical engineering series
500 ## - GENERAL NOTE
General note Includes bibliographical references and index.
650 ## - SUBJECT ADDED ENTRY--TOPICAL TERM
Topical term or geographic name as entry element Fluid mechanics.
650 ## - SUBJECT ADDED ENTRY--TOPICAL TERM
Topical term or geographic name as entry element Chemical engineering.
942 ## - ADDED ENTRY ELEMENTS (KOHA)
Source of classification or shelving scheme Dewey Decimal Classification
Item type English Books
Call number suffix DEN
Classification part 532.02466
Holdings
Withdrawn status Lost status Not for loan Collection code Home library Current library Date acquired Source of acquisition Cost, normal purchase price Full call number Barcode Copy number Cost, replacement price Koha item type
      Non-fiction Central Library Central Library 09/07/2013 Janvani/6152/1/14.01.2013//119/18.12.2012/18.01.2013 620.00 532.02466 DEN B-491873 1 620.00 English Books
    Not For Loan Non-fiction D.B.Act.Division D.B.Act.Division 01/12/2011 DBAD/PUB 525.00 532.02466 DEN EN-87799 1 525.00 English Books
      Non-fiction Janak Puri Janak Puri 09/07/2013 Janvani/6152/1/14.01.2013//119/18.12.2012/18.01.2013 620.00 532.02466 DEN B-491875 1 620.00 English Books
  Written-off vide DLB M. No. 383 dt 16.05.19   Non-fiction Karol Bagh Karol Bagh 09/07/2013 Janvani/6152/1/14.01.2013//119/18.12.2012/18.01.2013 620.00 532.02466 DEN B-491877 1 620.00 English Books
  Written-off vide DLB M. No. 383 dt 16.05.19   Non-fiction Patel Nagar Patel Nagar 09/07/2013 Janvani/6152/1/14.01.2013//119/18.12.2012/18.01.2013 620.00 532.02466 DEN B-491874 1 620.00 English Books
      Non-fiction Sarojini Nagar Sarojini Nagar 09/07/2013 Janvani/6152/1/14.01.2013//119/18.12.2012/18.01.2013 620.00 532.02466 DEN B-491876 1 620.00 English Books
      Non-fiction Shahdara Branch Shahdara Branch 09/07/2013 Janvani/6152/1/14.01.2013//119/18.12.2012/18.01.2013 620.00 532.02466 DEN B-491878 1 620.00 English Books

© Delhi Public Library
Hit Counter
free hit counter